000 00290nam a2200109Ia 4500
008 230320s9999||||xx |||||||||||||| ||spa||
082 _a268.433/T73
100 _aTorres Merchan, Miguel Angel
245 0 _aActividades Para Motivar En La Clase De Religión
260 _bPPC
942 _80
_cLIB
999 _c38410
_d38410